Organizácia pohybu klientov v bankovej pobočke

Salvato in:
Dettagli Bibliografici
Autore principale: Korauš, Antonín
Natura: Capitolo di libro
Lingua:slovacco
Tags: Aggiungi Tag
Nessun Tag, puoi essere il primo ad aggiungerne!!

MARC

LEADER 00000naa$a2200000$$$4500
001 0117876
005 20240502083306.5
041 0 |a slo 
044 |a CZ 
245 1 0 |a Organizácia pohybu klientov v bankovej pobočke  |c Anton Korauš 
100 1 |a Korauš, Antonín